000 00229nam a22001217a 4500
040 _cSY
082 _a332
100 _aSIEM MONILEAK
245 _aFinancial accouning
260 _aNA
_bSIE
_c1996
300 _a128p.
942 _cKB
999 _c9843
_d9843